000 01146nam a2200325 i 4500
001 000005851
003 DO-SdBNP
005 20260401182423.0
007 ta
008 250827s2001 dr 000 0 spa d
040 _aDO-SdBNP
_bspa
_cBNPHU
_erda
041 _asp
082 4 _a344.729302
_bR426L, 2001
_222
110 1 _aRepública Dominicana.
_9447
240 _a[Leyes, etc.]
245 1 0 _aLey de seguridad social ;Ley general de salud y leyes complementarias /
_cedición y recopilación, Víctor Suero C.
264 _aSanto Domingo
_bEditora Publi-Guías
_c2001
300 _a407 páginas ;
_c21 cm.
336 _ardacontent
_btexto
_2txt
337 _ardamedia
_bsin mediación
_2n
338 _ardacarrier
_bvolumen
_2nc
500 _aIncluye datos biográficos del recopilador en la solapa de la contracubierta.
590 _aInventariado, 2025/DG
650 0 _aSeguridad social
_xLeyes y legislación
_zRepública Dominicana
_911764
650 4 _aSeguros de salud
_xLegislación
_916512
650 4 _aSalud pública
_xLegislación
_916513
700 1 _aSuero C., Víctor,
_eeditor
_916514
910 _aDG
942 _2ddc
_cLBS1
999 _c59832
_d59832